<?xml version="1.0" encoding="UTF-8"?>
<record
    xmlns:xsi="http://www.w3.org/2001/XMLSchema-instance"
    xsi:schemaLocation="http://www.loc.gov/MARC21/slim http://www.loc.gov/standards/marcxml/schema/MARC21slim.xsd"
    xmlns="http://www.loc.gov/MARC21/slim">

  <leader>00309nam a2200133Ia 4500</leader>
  <controlfield tag="008">150301s2013    xx            000 0 und d</controlfield>
  <datafield tag="082" ind1=" " ind2=" ">
    <subfield code="a">657.03</subfield>
    <subfield code="b">JAL</subfield>
  </datafield>
  <datafield tag="100" ind1=" " ind2=" ">
    <subfield code="a">JAIN, NAVEEN CHAND</subfield>
  </datafield>
  <datafield tag="245" ind1=" " ind2=" ">
    <subfield code="a">DICTIONARY OF ACCOUNTING</subfield>
  </datafield>
  <datafield tag="250" ind1=" " ind2=" ">
    <subfield code="a">1ST</subfield>
  </datafield>
  <datafield tag="260" ind1=" " ind2=" ">
    <subfield code="b">AITBS- DELHI</subfield>
    <subfield code="c">2013</subfield>
  </datafield>
  <datafield tag="300" ind1=" " ind2=" ">
    <subfield code="a">305</subfield>
  </datafield>
  <datafield tag="942" ind1=" " ind2=" ">
    <subfield code="2">ddc</subfield>
    <subfield code="c">BK</subfield>
  </datafield>
  <datafield tag="952" ind1=" " ind2=" ">
    <subfield code="0">0</subfield>
    <subfield code="1">0</subfield>
    <subfield code="2">ddc</subfield>
    <subfield code="4">0</subfield>
    <subfield code="7">0</subfield>
    <subfield code="8">HM</subfield>
    <subfield code="a">SSSL</subfield>
    <subfield code="b">SSSL</subfield>
    <subfield code="d">2015-07-02</subfield>
    <subfield code="e">R.K BOOKS</subfield>
    <subfield code="g">165.00</subfield>
    <subfield code="i">SGTU</subfield>
    <subfield code="l">1</subfield>
    <subfield code="o">657.03 JAL</subfield>
    <subfield code="p">HM38</subfield>
    <subfield code="r">2018-03-17 00:00:00</subfield>
    <subfield code="s">2018-03-03</subfield>
    <subfield code="w">2015-06-17</subfield>
    <subfield code="y">BK</subfield>
    <subfield code="k">IN514</subfield>
  </datafield>
  <datafield tag="952" ind1=" " ind2=" ">
    <subfield code="0">0</subfield>
    <subfield code="1">0</subfield>
    <subfield code="2">ddc</subfield>
    <subfield code="4">0</subfield>
    <subfield code="7">0</subfield>
    <subfield code="8">HM</subfield>
    <subfield code="a">SSSL</subfield>
    <subfield code="b">SSSL</subfield>
    <subfield code="d">2015-07-02</subfield>
    <subfield code="e">R.K BOOKS</subfield>
    <subfield code="g">165.00</subfield>
    <subfield code="i">SGTU</subfield>
    <subfield code="l">1</subfield>
    <subfield code="o">657.03 JAL</subfield>
    <subfield code="p">HM39</subfield>
    <subfield code="r">2017-08-02 00:00:00</subfield>
    <subfield code="s">2017-07-24</subfield>
    <subfield code="w">2015-06-17</subfield>
    <subfield code="y">BK</subfield>
    <subfield code="k">IN514</subfield>
  </datafield>
  <datafield tag="999" ind1=" " ind2=" ">
    <subfield code="c">6991</subfield>
    <subfield code="d">6991</subfield>
  </datafield>
</record>
